Central Library OPAC University of Rajshahi

School social work : (Record no. 59642)

MARC details
000 -LEADER
fixed length control field 00783nam a2200241 a 4500
001 - CONTROL NUMBER
control field 59642
003 - CONTROL NUMBER IDENTIFIER
rucl marc code BD-RjUL
005 - DATE AND TIME OF LATEST TRANSACTION
control field 20211209080744.0
008 - FIXED-LENGTH DATA ELEMENTS--GENERAL INFORMATION
fixed length control field 161226s20031990ii b 001 0 eng
020 ## - INTERNATIONAL STANDARD BOOK NUMBER
International Standard Book Number 8171690629 :
Terms of availability Rs250.00
035 ## - SYSTEM CONTROL NUMBER
System control number (BD-RjUL) 59766
040 ## - CATALOGING SOURCE
Original cataloging agency DLC
Transcribing agency DLC
Modifying agency DLC
-- BD-RjUL
Language of cataloging eng
041 ## - LANGUAGE CODE
Language code of text/sound track or separate title eng
082 00 - DEWEY DECIMAL CLASSIFICATION NUMBER
Classification number 371.710954
Edition number 23
Author mark and year GAS 2003
100 1# - MAIN ENTRY--PERSONAL NAME
Personal name Gandhi, Anjali.
9 (RLIN) 177461
245 10 - TITLE STATEMENT
Title School social work :
Remainder of title the emerging models of practice in India /
Statement of responsibility, etc. Anjali Gandhi.
260 ## - PUBLICATION, DISTRIBUTION, ETC. (IMPRINT)
Place of publication, distribution, etc. New Delhi, India :
Name of publisher, distributor, etc. Commonwealth Publishers,
Date of publication, distribution, etc. 1990 [Reprint 2003]
300 ## - PHYSICAL DESCRIPTION
Pagination xii, 248 p. ;
Size 22 cm.
500 ## - GENERAL NOTE
General note Includes index.
504 ## - BIBLIOGRAPHY, ETC. NOTE
Bibliography, etc Includes bibliographical references (p. [238]-245).
650 #0 - SUBJECT ADDED ENTRY--TOPICAL TERM
Topical term or geographic name as entry element School social work
Geographic subdivision India.
9 (RLIN) 177462
942 ## - ADDED ENTRY ELEMENTS (KOHA)
Source of classification or shelving scheme Dewey Decimal Classification
Koha item type Books
Holdings
Lost status Source of classification or shelving scheme Damaged status Not for loan Collection code Permanent Location Current Location Shelving location Date acquired Source of acquisition Cost, normal purchase price Total Checkouts Full call number Date last seen Copy number Koha item type
  Dewey Decimal Classification   Not For Loan Non-fiction Central Library, University of Rajshahi Central Library, University of Rajshahi Reading Room 09/02/2008 Paragon Enterprises Dhaka 500.00   371.710954 GAS 2003 26/12/2016 C-1 Books